La Trenta-sisena / recull compendiat i escrit per Joan Sorribas i Subirà... ; en col·laboració amb els prohoms Joan Bta. Torrescasana i Quintana... i Sebastià Estradé i Rodoreda...
Publicado:
[Sallent] :
Trenta - sisena ; amb el patrocini de Patronat Flor de Maig. Diputació de Barcelona ,
1997
Descripción Física:
148 p. : il., negre i col. ; 25 cm
MARC
| LEADER | 00000nam a2200000Ia 4500 | ||
|---|---|---|---|
| 001 | 12137 | ||
| 008 | 160829s1997 xx 000 0 cat d | ||
| 080 | |a M-1-269 | ||
| 100 | |a Sorribas i Subirà, Joan |9 30158 | ||
| 245 | |a La Trenta-sisena / recull compendiat i escrit per Joan Sorribas i Subirà... ; en col·laboració amb els prohoms Joan Bta. Torrescasana i Quintana... i Sebastià Estradé i Rodoreda... | ||
| 260 | |a [Sallent] : |b Trenta - sisena ; amb el patrocini de Patronat Flor de Maig. Diputació de Barcelona, |c 1997 | ||
| 300 | |a 148 p. : |b il., negre i col. ; |c 25 cm | ||
| 650 | |a Trenta-sisena (Sallent : Confraria) |x Història |9 30159 | ||
| 650 | |a Confraries |x Sallent |x Història |9 30160 | ||
| 700 | |a Torrescasana i Quintana, Joan Bta. |9 30161 | ||
| 700 | |a Estradé i Rodoreda, Sebastià |9 28085 | ||
| 901 | |a Arxiu | ||
| 942 | |n 1 | ||
| 952 | |0 0 |1 0 |4 0 |6 M1269 |7 1 |9 45300 |a Arxiu |b Arxiu |d 2016-12-01 |l 0 |o M-1-269 |p 12137 |r 2016-12-01 00:00:00 |w 2016-12-01 |y ARXIU | ||
| 999 | |c 48374 |d 48374 | ||